000 00658nam a2200241 i 4500
001 C2-0331655
003 PPAK
005 20180728132015.0
008 150625s2015 my |||| ||||| | may d
020 _a9789678605205
040 _aPPAK
_beng
_cPPAK
_erda
082 0 4 _a899.233
_223
090 0 0 _a899.233
_bLYN
_dG
100 0 _aLynn Dayana,
_eauthor
245 1 0 _aBicara cinta tertangguh
264 1 _aShah Alam, Selangor :
_bGrup Buku Karangkraf Sdn. Bhd. ,
_c2015
300 _a624 pages ;
_c18 cm
336 _2rdacontent
_atext
337 _2rdamedia
_aunmediated
338 _2rdacarrier
_avolume
650 1 0 _aMalay fiction.
942 _ddc
_cB
999 _c130369
_d130369